| 000 | 01271nam a22002537a 4500 | ||
|---|---|---|---|
| 005 | 20210325204214.0 | ||
| 008 | s2552 th tha d | ||
| 020 | _a9789743220204473 | ||
| 041 | _atha | ||
| 050 | _aDS 530.53,.A9 ท533อ 2552 | ||
| 245 | 1 | 0 | _aออง ซาน ซู จี บนกระดานการเมืองโลก |
| 260 | 3 |
_aกรุงเทพฯ : _bมติชน, _c2552 |
|
| 300 |
_a199 หน้า : _b ภาพประกอบ ; _c 21 ซม. |
||
| 610 | _aทีมข่าวต่างประเทศมติชน | ||
| 650 | 0 | 4 | _aพม่า -- สถานการณ์ทางการเมือง |
| 650 | 0 | 4 | _aพม่า -- ความสัมพันธ์กับต่างประเทศ -- ไทย |
| 650 | 0 | 4 | _aไทย -- ความสัมพันธ์กับต่างประเทศ -- พม่า |
| 650 | 0 | 4 | _aอองซาน ซูจี -- บทบาททางการเมือง |
| 850 | _aNALT | ||
| 942 |
_cGB _01 |
||
| 997 | _a36421 ฉ.1 /36422 ฉ.2 | ||
| 997 | _c000000000060232 | ||
| 998 | _aนางสาวชัชฎา จูฑะรักษ์ | ||
| 999 |
_c60232 _d60232 |
||